000 00663nam a2200229Ia 4500
003 OSt
005 20220928112730.0
006 a|||||r|||| 00| 0
007 ta
008 220927b |||||||| |||| 00| 0 eng d
024 _a45555
037 _cTextual
040 _aSDCL
_cSDCL
_beng
041 _2eng
_aeng
082 _aX:54.72'N90t4, N0
100 _aGeneral Agreement on Tariffs and Trade
245 0 _aTrade policy review
260 _aGeneva
_bGeneral Agreement on Tariffs and Trade
_c1990
300 _av,457p
_ccm.
942 _hX:54.72'N90t4, N0
_cTEXL
_2CC
999 _c745996
_d745996